Library of the University of Algiers 3
Ibrahim Sultan Cheibout
شعار جامعة الجزائر 3
مكتبة جامعة الجزائر 3
إبراهيم سلطان شيبوط

تقييم تعلم الطالب التجميعي والتكويني (رقم التسجيلة. 11831)

تفاصيل مارك
000 -LEADER
fixed length control field 00573nam a2200193Ia 4500
003 - CONTROL NUMBER IDENTIFIER
control field IEPS
005 - DATE AND TIME OF LATEST TRANSACTION
control field 20250703135251.0
008 - FIXED-LENGTH DATA ELEMENTS--GENERAL INFORMATION
fixed length control field 250223s9999||||xx |||||||||||||| ||und||
040 ## - CATALOGING SOURCE
-- IEPS
041 ## - LANGUAGE CODE
Language code of text/sound track or separate title ara
082 ## - DEWEY DECIMAL CLASSIFICATION NUMBER
Classification number 370.15
100 ## - MAIN ENTRY--PERSONAL NAME
Personal name ف . مادوس جورج
245 #0 - TITLE STATEMENT
Title تقييم تعلم الطالب التجميعي والتكويني
260 ## - PUBLICATION, DISTRIBUTION, ETC.
Place of publication, distribution, etc. القاهرة
Name of publisher, distributor, etc. دار ماكجر وهيل للنشر
Date of publication, distribution, etc. 1971
300 ## - PHYSICAL DESCRIPTION
Extent 417 ص.
Other physical details غلاف ملون
Dimensions 24 سم
653 ## - INDEX TERM--UNCONTROLLED
Uncontrolled term التعليم
700 ## - ADDED ENTRY--PERSONAL NAME
Personal name س . بلوم بنيامين
942 ## - ADDED ENTRY ELEMENTS (KOHA)
Koha item type كتب
المقتنيات
Withdrawn status Lost status Source of classification or shelving scheme Damaged status Not for loan Home library Current library Date acquired Inventory number Total checkouts Full call number Barcode Date last seen Copy number Price effective from Koha item type
    Dewey Decimal Classification   NOT LOAN / إعارة داخلية مكتبة معهد التربية البدنية و الرياضية مكتبة معهد التربية البدنية و الرياضية 23/02/2025 invar111   370.15 ف . ت / 1 invar111 23/02/2025 ل ع 47 / 1 23/02/2025 كتب

موارد الويب المفتوحة


© University of Algiers 3 All Rights Reserved
|
Implemented by LECHELAH Riad